000 00379cam a2200157ua 4500
003 OSt
008 250802b |||||||| |||| 00| 0 eng d
041 _aeng
082 _a624.2
_bALA/EL
100 _aAlagia, J.S .
_97638
245 _aElements of Bridge Engineering /
250 _a5 /
260 _aTulsi :
_bCharotar book stall ,
_c1965.
300 _a208 ; .
942 _cBK
999 _c1384
_d1384